000 00373nam a2200145Ia 4500
008 240729s9999 xx 000 0 und d
022 _a2235-042X
245 0 _aJournal of Comorbidity
260 _aUnited States
260 _bSAGE Publishing
650 _aMedicine
856 _uhttps://doaj.org/toc/c0ba7563823a4466bcd5972d846597df
942 _2ddc
942 _cDOAJEJ
999 _c70142
_d70142
945 _a1
_bMadushi Gamage
_c1
_dMadushi Gamage